Interactions : Exploring the functions of the human body

Focuses on the examination of physiological processes within the skeletal and muscular systems of the body, using animations, interactivity, and clinical correlations to enhance student understanding

Gorde:
Xehetasun bibliografikoak
Formatua: Liburua
Hizkuntza:Undetermined
Argitaratua: Hoboken, NJ J. Wiley & Sons 2003
Gaiak:
Etiketak: Etiketa erantsi
Etiketarik gabe, Izan zaitez lehena erregistro honi etiketa jartzen!
Thư viện lưu trữ: Trung tâm Học liệu Trường Đại học Cần Thơ
LEADER 00923nam a2200217Ia 4500
001 CTU_166070
008 210402s9999 xx 000 0 und d
020 |c 4.55 
082 |a 612.7 
082 |b I.61/Ver.1.1 
245 0 |a Interactions : 
245 0 |b Exploring the functions of the human body 
245 0 |c Thomas Lancraft... [et al.] 
260 |a Hoboken, NJ 
260 |b J. Wiley & Sons 
260 |c 2003 
520 |a Focuses on the examination of physiological processes within the skeletal and muscular systems of the body, using animations, interactivity, and clinical correlations to enhance student understanding 
650 |a Kinesiology,Musculoskeletal system,Vận động học,Hệ cơ xương 
650 |x Software,Software,Phần mềm máy tính,Phần mềm máy tính 
904 |i Đình Thư, Bạch Trúc 
980 |a Trung tâm Học liệu Trường Đại học Cần Thơ